000 01260nam a2200277Ia 4500
999 _c55642
_d55642
001 22737
003 GE_BSU
005 20230505112654.0
008 181216s||||||||xx |||||||||||||| ||und||
020 _a9789941261374
040 _cGE_BSU
041 _ageo
080 _a821.112.2.03=353.1 გ-74
100 _aგოტჰელფი, იერემიას
_917984
245 _aშავი ობობა : მოთხრობები = Die schwarze Spinne : Erzählungen /
_cიერემიას გოტჰელფი ; გერმანულიდან თარგმნა არჩილ ხოტივარმა.
264 _aთბილისი :
_bუნივერსალი,
_c2017.
300 _a196 გვ. ;
_c20 სმ.
541 _h5ლ.
653 _aლიტერატურა
653 _aროგორ ეძებდა იოგელი საცოლეს
653 _aელზი
653 _aუცნაური მსახური გოგო
653 _aშავი ობობა : მოთხრობები = Die schwarze Spinne : Erzählungen
700 _aხოტივარი, არჩილ
_eმთარგმნელი
_917985
942 _cBK
_2udc